| 000 | 00507nam a22001697a 4500 | ||
|---|---|---|---|
| 003 | CEME | ||
| 005 | 20210628205749.0 | ||
| 008 | 210316b xxu||||| |||| 00| 0 eng d | ||
| 040 | _c. | ||
| 082 | _a297.63 TAR | ||
| 100 |
_aTariq Mehmood, Hakeem Muhammad Tariq Mehmood, Hakeem Hakeem Muhammad Tariq Mehmood _976951 |
||
| 245 | _aSunat nabvi aur jadeed science | ||
| 260 |
_aKARACHI _bDARA-UL-MUTALA _c1990 |
||
| 300 | _a2 VOLS | ||
| 650 |
_aISLAM-SUNAT NABVI-AUR JADEED SCIENCE _976952 |
||
| 942 |
_cBK _2ddc |
||
| 999 |
_c582261 _d582261 |
||